| 000 | 00833nam a22002177a 4500 | ||
|---|---|---|---|
| 005 | 20260427103436.0 | ||
| 008 | 260427b |||||||| |||| 00| 0 eng d | ||
| 020 | _a9789394212923 (hbk) | ||
| 037 | _cTB | ||
| 040 |
_aCRL _cCRL |
||
| 041 |
_2hin _ahin |
||
| 084 |
_aQ3:4198v4436 152R5 _qCRL |
||
| 100 |
_aजैन, प्रभाकिरण _91235719 |
||
| 245 |
_aगिरनार: _bसत्य और तथ्य |
||
| 260 |
_aनयी दिल्ली, भारत: _bभारतीय ज्ञानपीठ, _c2025. |
||
| 300 | _a200पृ. | ||
| 650 | _aधर्म | ||
| 650 |
_aक्रिश्चयन _91235720 |
||
| 942 |
_2CC _cTB _hQ3:4198v4436 152R5 _n0 |
||
| 999 |
_c1848545 _d1848545 |
||